Seniorát vo svetle prieskumu

Bibliographic Details
Main Author: Petrík, Borislav, 1952-2017 (Author)
Format: Article
Language:Slovak
ISSN:0139-9217
Subjects:

MARC

LEADER 00000nab a2200000 a 4500
001 vtls008841490
003 SK-MaSNL
005 20260304134624.0
008 250505c2006 xo mr|p|||||||000 b|slo
015 |a SNBRB2006/08  |2 snkbucl 
035 |a (uuid)991da1da-37e5-4a6f-8471-6f911fc21a51 
035 |a urn:nbn:sk:snk-abeso1 
035 |a (urnnbn)urn:nbn:sk:snk:ar-a08vcr 
038 |a SNKBUCL 
040 |a SNKBUCL  |b slo  |c SNKBUCL  |e AACR2 
041 0 |a slo 
044 |a xo  |c SK 
080 |a 284.1:301(437.6)  |2 1997 
080 |a 301  |2 1997 
100 1 |a Petrík, Borislav,  |d 1952-2017  |4 aut  |9 239888 
245 1 0 |a Seniorát vo svetle prieskumu  |c Borislav Petrík 
610 2 7 |a Evanjelická cirkev a.v. na Slovensku  |b Bratislavský seniorát  |2 snkbucl  |9 1282628 
650 0 7 |a sociologický prieskum  |2 snkbucl  |9 1311420 
773 0 |t Cirkevné listy  |g Roč. CXXX, č. 7-8 (2006), s. 36-43  |x 0139-9217 
850 |a Slovenská národná knižnica 
852 |a Slovenská národná knižnica 
954 |a odborná, vedecká literatúra pôvodná (slovenská)  |2 lita 
958 |a article2022 
958 |a SK 
958 |a OND 
958 |a EUIPO 
999 |c 2907428  |d 2909358